000 00862nam a2200277 c 4500
001 a5720519
003 CO-ViMGA
005 20230915232211.0
008 151130s2015 sp | |||| 000 1 spa
020 _a9788498384468
040 _aCO-ViMGA
_bspa
_cCO-ViMGA
041 1 _heng
082 0 4 _a823.91
_bR685o1
100 1 _aRowling, J. K.
_d1965-
_4aut
_92378
240 1 0 _aHarry Potter and the Order of the Phoenix
_lEspañol
245 1 0 _aHarry Potter y la Orden del Fénix
_cJ.K. Rowling ; [traducción, Gemma Rovira Ortega]
250 _a2a. ed.
260 _aBarcelona
_bSalamandra
_c2013
300 _a893 p.
_c21 cm
490 0 _a[Harry Potter]
_v5
490 0 _aLetras de bolsillo
_v135
650 1 4 _aMagía
_vNovela juvenil
_92244
650 1 4 _aNovela juvenil inglesa
_92382
700 1 _aRovira Ortega, Gemma
_etraductor
_4trl
_92388
942 _2ddc
_cBK
999 _c3706
_d3706